10 Pragas do Egito - Statistics

Estatísticas Gerais
  • Esse quiz foi jogado 152 vezes
  • A pontuação média é 5 de 10
Estatísticas das Respostas
Resposta % Correto
Infestação de gafanhotos
82%
Sangue nas águas do Rio Nilo e afluentes
78%
Infestação de rãs
75%
Morte dos filhos primogênitos
56%
Escuridão
43%
Infestação de piolhos/mosquitos
41%
Feridas e úlceras
40%
Infestação de moscas
39%
Chuva de pedras/granizo
36%
Peste nos animais
33%
Nenhum quiz correspondente encontrado
Distribuição das Pontuações
Porcentagem de Pessoas com Cada Pontuação
Percentil de Números Respondidos
Sua Pontuação Histórica
Você não jogou esse quiz